[Event "Armed Forces-ch"]
[Site "USA"]
[Date "1991.??.??"]
[Round "10"]
[White "Felsen, A."]
[Black "McQueen, Robert L"]
[Result "0-1"]
[WhiteElo "1975"]
[BlackElo "1875"]
[PlyCount "88"]
[EventDate "1991.??.??"]
[EventType "swiss"]
[EventRounds "12"]
[EventCountry "USA"]
[SourceTitle "EXT 1999"]
[Source "ChessBase"]
[SourceDate "1998.11.16"]
[SourceVersion "1"]
[SourceVersionDate "1998.11.16"]
[SourceQuality "1"]

1. e4 c5 2. Nf3 d6 3. g3 Nc6 4. Bg2 Nf6 5. d3 g6 6. 0-0 Bg7 7. c3 0-0 8. Nbd2 Bd7 9. a4 a6 10. Nc4 b5 11. axb5 axb5 12. Rxa8 Qxa8 13. Nb6 Qa6 14. Nxd7 Nxd7 15. Nh4 b4 16. Qc2 Rb8 17. f4 Na7 18. f5 Nc6 19. fxg6 hxg6 20. Nf3 Qa2 21. c4 Nd4 22. Nxd4 Bxd4+ 23. Kh1 Kg7 24. Re1 Ne5 25. Re2 b3 26. Qd2 Rh8 27. Qd1 Ng4 28. h3 Nf2+ 29. Rxf2 Bxf2 30. Kh2 Bd4 31. Qd2 Qb1 32. Bf3 Qc2 33. Bd1 Qxd2+ 34. Bxd2 Bxb2 35. Bxb3 Rb8 36. Ba4 Be5 37. Bf4 Rb2+ 38. Kg1 Bxf4 39. gxf4 Rd2 40. Bc6 Rxd3 41. h4 Rd4 42. Kf2 Rxc4 43. Kg3 Rd4 44. Kg4 c4 0-1

[Event "Armed Forces-ch"]
[Site "USA"]
[Date "1991.??.??"]
[Round "1"]
[White "Smithwick, John"]
[Black "Felsen, A."]
[Result "1-0"]
[WhiteElo "2170"]
[BlackElo "1975"]
[PlyCount "91"]
[EventDate "1991.??.??"]
[EventType "swiss"]
[EventRounds "12"]
[EventCountry "USA"]
[SourceTitle "EXT 1999"]
[Source "ChessBase"]
[SourceDate "1998.11.16"]
[SourceVersion "1"]
[SourceVersionDate "1998.11.16"]
[SourceQuality "1"]

1. d4 d5 2. Nf3 Nf6 3. g3 Nc6 4. Bg2 Bf5 5. 0-0 e6 6. a3 Bd6 7. c4 dxc4 8. Qa4 Qd7 9. Qxc4 Ne4 10. b4 0-0 11. Bb2 Ne7 12. Nfd2 Nxd2 13. Nxd2 c6 14. e4 Bg6 15. Nb3 Rad8 16. Rac1 Nc8 17. Na5 Nb6 18. Qe2 Be7 19. h4 f5 20. h5 Bf7 21. g4 fxe4 22. Bxe4 Nd5 23. Nc4 Bd6 24. Qc2 h6 25. Rce1 Bf4 26. Qe2 Qe7 27. Qf3 Qh4 28. Qg2 Nf6 29. Bf3 Kh8 30. Ne5 Nd5 31. Bxd5 exd5 32. Re2 Bxe5 33. Rxe5 Rde8 34. Rfe1 Rxe5 35. Rxe5 Re8 36. Bc3 Qf6 37. Qg3 Re7 38. f4 Be6 39. g5 hxg5 40. fxg5 Qf7 41. g6 Qg8 42. Qe3 Re8 43. Be1 Bd7 44. Bg3 Rxe5 45. Bxe5 Qe6 46. Qh6+ 1-0